000 00415nam a2200181Ia 4500
008 240510s9999 xx 000 0 und d
020 _a9789551822415
041 _asih
082 _a891.483
082 _bG14
100 _aGALAPPATHTHI, Buddhadasa
245 0 _aSarana Kala Me Aduru Wanapetha
260 _bColomo : Fast Publishing
260 _c2009
300 _a248 p.
942 _2ddc
942 _cLBK
999 _c28281
_d28281
945 _a1
_bMadushi Gamage
_c1
_dMadushi Gamage